Zákazník chce v predajni sociálny kontakt
Túžba spotrebiteľa po zážitkovom nákupe a narastajúci záujem k farmárskym potravinám kladie na obchodníka opäť vyššie nároky. Ten musí vymyslieť, ako spojiť obľúbenosť pultového predaja s hygienickými pravidlami v dôsledku pandémie. Predajcovia sa sociálne väzby snažia nahradiť aspoň prostredníctvom...
Uložené v:
| Hlavný autor: | |
|---|---|
| Médium: | Kapitola |
| Jazyk: | Slovak |
| Predmet: | |
| Tagy: |
Žiadne tagy, Buďte prvý, kto otaguje tento záznam!
|
MARC
| LEADER | 00000naa a2200000 4500 | ||
|---|---|---|---|
| 001 | 0269769 | ||
| 005 | 20201112100044.6 | ||
| 041 | 0 | |a slo | |
| 044 | |a SK | ||
| 245 | 1 | 0 | |a Zákazník chce v predajni sociálny kontakt |c Soňa Peták |
| 520 | |a Túžba spotrebiteľa po zážitkovom nákupe a narastajúci záujem k farmárskym potravinám kladie na obchodníka opäť vyššie nároky. Ten musí vymyslieť, ako spojiť obľúbenosť pultového predaja s hygienickými pravidlami v dôsledku pandémie. Predajcovia sa sociálne väzby snažia nahradiť aspoň prostredníctvom rôznych oživení. | ||
| 610 | 2 | 0 | |a spokojnosť zákazníkov |
| 610 | 2 | 0 | |a hygiena |
| 610 | 2 | 0 | |a ochrana zdravia |
| 610 | 2 | 0 | |a vzťahy spoločenské |
| 610 | 2 | 0 | |a potraviny |
| 100 | 1 | |a Peták, Soňa | |